Asistent učiteľa materskej, základnej a špeciálnej základnej školy

Podrobná bibliografia
Hlavní autori: Olšavská, Mária (Author), Žigmund, Vlado (Author)
Médium: Článok
Jazyk:Slovak
Témy:
ISBN: 80-8083-024-X
Zdroj: 1. Rómske etnikum - jeho špecifiká a vzdelávanie 1. Banská Bystrica : Pedagogická fakulta Univerzity Mateja Bela, 2004 1. 80-8083-024-X 1. S. 60-73
LEADER 00961naa a2200325 a 4500
001 000053713
003 SVKKK
005 20050810102229.0
008 050809c2004 xo e slo
FMT
038 |a SVKKK 
040 |a SVKKK  |b slo  |e AACR2 
041 0 |a slo 
044 |a xo  |c SK 
080 |a 37  |2 1997 
090 |a III.199443 
100 1 |a Olšavská, Mária  |4 aut 
245 1 0 |a Asistent učiteľa materskej, základnej a špeciálnej základnej školy  |c Mária Olšavská, Vlado Žigmund 
504 |a Bibliogr. odkazy 
650 0 4 |a výchova a vzdelávanie  |x asistenti učiteľa  |x študijné programy  |x kurzy 
651 4 |a Slovensko 
700 1 |a Žigmund, Vlado  |4 aut 
773 0 |t Rómske etnikum - jeho špecifiká a vzdelávanie  |d Banská Bystrica : Pedagogická fakulta Univerzity Mateja Bela, 2004  |z 80-8083-024-X  |g S. 60-73 
958 |a RQ 
974 |a Fav 
992 |a RZB 
BAS
852 |a SVKKK  |b BIB 
EXP
998 |a ROM